Hôpitaux belges - Wallonie & Bruxelles - Statistiques

Statistiques générales
  • Ce quiz a été pris 109 fois
  • Le résultat moyen est 15 sur 83
Statistiques - réponses
Hint Réponse % Correct
Bruxelles Cliniques Universitaires Saint-Luc
58%
Bruxelles Hôpital Erasme
55%
Bruxelles CHU Saint-Pierre
52%
Bruxelles CHU Saint-Pierre - Site Porte de Hal
52%
Hainaut Hôpital Saint-Joseph de Mons ("Site Constantinople")
40%
Bruxelles CHU Brugmann
37%
Région du Luxembourg Hôpital d'Arlon
37%
Bruxelles Hôpital Universitaire de Bruxelles
37%
Bruxelles Hôpital Delta
36%
Centre Hospitalier Centre Ardenne (CHCA)
33%
Hainaut CHU Tivoli (La Louvière)
33%
Hainaut Centre Hospitalier de Wallonie Picarde (CHwapi) - Tournai
30%
Brabant Wallon CHIREC (Centre Hospitalier Interrégional Edith Cavell)
30%
Brabant Wallon Hôpital de Nivelles
30%
Bruxelles Site Etterbeek-Ixelles
30%
Bruxelles Clinique Saint-Jean (Bruxelles)
27%
Brabant Wallon Clinique Saint-Pierre Ottignies
27%
Hainaut Hôpital Civil Marie Curie
25%
Bruxelles Site Sainte-Elisabeth (Uccle)
25%
Région de Liège Clinique Saint-Joseph Saint-Vith
24%
Hainaut Hôpital de Ath
24%
Région du Luxembourg Hôpital de Libramont
24%
Région du Luxembourg Hôpital de Bastogne
22%
Région du Luxembourg Hôpital de Marche
22%
Région de Liège Centre Hospitalier Reine Astrid Malmedy (CHRAM)
21%
Région de Liège CHR Verviers East Belgium
21%
Hainaut Grand Hôpital de Charleroi (GHdC)
21%
Brabant Wallon Hôpital de Braine-l'Alleud
21%
Hainaut Hôpital de Jolimont
21%
Bruxelles Site Molière Longchamp (Forest)
21%
Hainaut CHR Haute Senne
19%
Hainaut CHR Haute Senne - Le Tilleriau (Soignies)
19%
Hainaut CHU Ambroise Paré ("Site Kennedy")
18%
Région de Namur CHU Dinant
18%
Hainaut Institut Notre-Dame
18%
UCL
18%
Région de Liège CHR Liège
16%
Hainaut CHR Mouscron
16%
Région de Namur CHU Mont-Godinne
16%
Région de Liège Clinique MontLégia (Liège)
16%
Hainaut Clinique Notre-Dame de Grâce (Gosselies)
16%
Bruxelles Hôpital Universitaire des Enfants Reine Fabiola (HUDERF)
16%
Hainaut Saint-Joseph (Gilly)
16%
Hainaut Centre de Santé des Fagnes (Chimay)
15%
Région de Liège CHBA - Site Seraing
15%
Région de Namur CHU Sainte-Elisabeth
15%
Région de Liège Hôpital de La Citadelle
15%
Bruxelles Universitair Ziekenhuis Brussel (UZ Brussel)
15%
Région de Liège CHU de Liège
13%
Bruxelles Site Saint-Michel (Etterbeek)
13%
Bruxelles Clinique Sainte-Anne Saint-Remi
12%
Bruxelles Cliniques de l'Europe
12%
Hainaut HELORA
12%
Hainaut Hôpital de Lobbes
12%
Bruxelles Institut Jules Bordet
12%
Région de Liège St. Nikolaus Hospital Eupen
12%
Région de Liège CHR Huy
10%
Région de Namur CHR Namur (Site Meuse)
10%
Région de Liège Clinique André Renard (Herstal)
10%
Bruxelles Réseau IRIS (Interhospitalière Régionale des Infrastructures de Soins)
10%
Bruxelles VUB
10%
Région de Liège CHBA - Site Waremme
9%
Région de Liège CHU Sart-Tilman
9%
Région de Liège Clinique de Waremme
9%
Région de Namur Clinique Saint-Luc Bouge
9%
Hainaut Hôpital de Hornu
9%
Bruxelles Site Paul Brien
9%
Hainaut EpiCURA
7%
HainautHainaut Hôpital André Vésale
7%
Bruxelles Site Victor Horta
7%
Région du Luxembourg Vivalia
7%
Région de Namur CHR Sambre et Meuse
6%
Hainaut CHU Charleroi
6%
Région de Liège Groupe CHC
6%
Bruxelles Hôpitaux Iris Sud
6%
Hainaut IMTR (Gerpinnes)
6%
Région de Namur CHR Auvelais (Site Sambre)
4%
Hainaut Hôpital de Warquignies
4%
Région de Liège Centre Hospitalier du Bois de l'Abbaye (CHBA)
3%
Région de Namur CHU UCL Namur
1%
Région de Liège Clinique de Hermalle
1%
Région de Liège Clinique de Heusy
1%
Région de Liège Clinique Notre-Dame des Bruyères (Chênée)
1%
Aucun quiz correspondant
Distribution des résultats
% des personnes avec chaque résultat
Percentile par nombre de réponses
Votre historique - résultats
Vous n’avez pas pris ce quiz